004690000a2200133000450024501170000065000280011765000240014565000220016965300450019104100130023670000220024910000200027177300440029110aGross and microscopic anatomy of the Kidney of the west Indian manatee, Trichechus manatus ()14aMamíferos acuáticos14aFisiología animal14aAnatomía animal gTrichechuseTrichechus manatusvmanatí0 aInglés1 aReynolds, John E.1 aHill, D. Ashley1 tActa Anatómica3219h135q53-86d1989